000 00855nas a2200277 4500
001 BR0000040
003 BR-BrBNA
005 20231205101624.0
007 ta
008 230509b bl.|||p| |||| 00| 00por d
040 _aBR-BrBNA
_bpor
_cBiblioteca Nacional de Agricultura
041 _a(Pt)
072 _aL52
100 1 _aScapinello, C.
100 1 _aFurlan, A.C.
100 1 _aFaria, H.G. de
245 1 _aInfluencia de diferentes niveis de acido fumarico sobre o desempenho de coelhos em crescimento
650 _aCoelho Nova Zelandia
650 _aPerformance
650 _aFator de Crescimento
650 _aAcido Organico
650 _aDieta
773 0 _tRevista Brasileira de Zootecnia (Brazil)
_xISSN 1516-3598
_g(Jul-Aug 1999), v. 28(4) p. 785-790
_wBR0000040
909 _a202311
_bLúcia
_c55
_dLúcia Elande
942 _2AGRIS
_n0
_cANA
999 _c162875
_d162875